'90s Movies by Quote Quiz Stats

 Plays Quiz Updated Jan 20, 2018

Challenge
Share
Tweet
Score 0/20 Timer 06:00
30 Plays Today
% Correct
Titanic
97.2%
The Lion King
97.1%
Terminator 2: Judgment Day
95.8%
The Sixth Sense
95.4%
Clueless
92.1%
Happy Gilmore
91.2%
Jerry Maguire
91.2%
The Silence of the Lambs
90.7%
Office Space
88.4%
Forrest Gump
87.3%
% Correct
Austin Powers:
International Man of Mystery
85.4%
Pretty Woman
85%
The Sandlot
82%
Pulp Fiction
80%
Groundhog Day
78.6%
The Big Lebowski
77.3%
Thelma & Louise
69.8%
Fight Club
69.5%
Toy Story
66.4%
Fargo
60.4%

You're not logged in!

Compare scores with friends on all Sporcle quizzes.
Join for Free
OR
Log In

You Might Also Like...

Show Comments

Extras

Top Quizzes Today


Score Distribution

Your Account Isn't Verified!

In order to create a playlist on Sporcle, you need to verify the email address you used during registration. Go to your Sporcle Settings to finish the process.

Report this User

Report this user for behavior that violates our Community Guidelines.

Details: